00446nam a2200109Ia 4500008004100000050002200041100002300063245013200086260008600218300002000304521001200324140724s9999 xx 000 0 und d aRA 8b.Ap643 2014 aApo, Rose Ellaine. aPatient satisfaction on bedside nursing care in the medical-surgical ward of Las Piñas Doctors' Hospital /cRose Ellaine Apo. aLas Piñas, Philippines :bSouthville International School and Colleges,cc2014. a59 p. :c28 cm. aNursing